000 005320000a22001810004500
020 _a958-614-300-7
041 0 _aSPA
082 0 4 _aG 572 F8996p
100 1 _aFriedemann, Nina S. de
245 1 0 _aCriele criele son. Del Pacífico negro : Arte, religión y cultura en el litoral Pacífico / Nina S. de Friedemann
260 _aBogotá, Colombia : Planeta
300 _a200 Pag
001 10355
942 _cBK
999 _c39930
_d39930
336 _atexto
_btxt
_2rdacontent
337 _2rdamedia
_asin mediación
_bn
338 _2rdacarrier
_avolumen
_bnc